| Tag |
First Indicator |
Second Indicator |
Subfields |
| LEADER |
00000cam a2200000 a 4500 |
| 001 |
in00000030319 |
| 005 |
20151007060300.0 |
| 008 |
881005s1988 stka bs 001 0 eng |
| 010 |
|
|
|a 88191133
|
| 015 |
|
|
|a GB8819766
|2 bnb
|
| 016 |
7 |
|
|a 8904290
|2 DNLM
|
| 019 |
|
|
|a 17775519
|a 19399359
|
| 020 |
|
|
|a 0080364160
|
| 029 |
1 |
|
|a AU@
|b 000005805326
|
| 035 |
|
|
|a (OCoLC)23689952
|
| 040 |
|
|
|a DLC
|b eng
|c DLC
|d NLM
|d XXB
|d BTCTA
|d YDXCP
|d BAKER
|d GBVCP
|d OCLCO
|d OCLCF
|d OCLCA
|d OCLCQ
|d OCLCO
|d UKM
|d MUQ
|d OCLCQ
|d OCLCO
|d OCLCQ
|d CEF
|d UWO
|d OCLCA
|d DCT
|d OCLCQ
|d OCLCO
|d RDF
|d OCLCA
|d OCLCO
|d OCL
|d OCLCA
|d OCL
|d OCLCO
|
| 043 |
|
|
|a e-uk---
|a e-uk-st
|
| 049 |
|
|
|a TXAM
|
| 050 |
|
4 |
|a HV1481.G54
|b S3 1988
|
| 050 |
0 |
0 |
|a HV1481.G54
|b S354 1988
|
| 060 |
0 |
0 |
|a WT 30
|b H945c 1988
|
| 082 |
0 |
|
|a 362.6/09411
|2 19
|
| 082 |
0 |
0 |
|a 362.6/09411
|2 20
|
| 084 |
|
|
|a 44.68
|2 bcl
|
| 100 |
1 |
|
|a Hunter, David J.
|
| 245 |
1 |
0 |
|a Care of the elderly :
|b policy and practice /
|c David J. Hunter, Neil P. McKeganey, Isobel A. MacPherson, with Caroline Cantley, Sheena Donald, and Ianthe Dingwall-Fordyce.
|
| 260 |
|
|
|a Aberdeen :
|b Aberdeen University Press,
|c 1988.
|
| 264 |
|
1 |
|a Abderdeen :
|b Aberdeen University Press,
|c 1988.
|
| 300 |
|
|
|a ix, 183 pages :
|b illustrations ;
|c 23 cm
|
| 336 |
|
|
|a text
|b txt
|2 rdacontent
|
| 337 |
|
|
|a unmediated
|b n
|2 rdamedia
|
| 338 |
|
|
|a volume
|b nc
|2 rdacarrier
|
| 500 |
|
|
|a Includes index.
|
| 504 |
|
|
|a Includes bibliographical references (pages 163-167) and index.
|
| 650 |
|
0 |
|a Frail older people
|x Care
|z Scotland
|v Case studies.
|
| 651 |
|
2 |
|a Scotland
|0 (DNLM)D012606
|
| 653 |
|
0 |
|a Frail elderly
|a Care
|a Government policy
|a Great Britain
|
| 655 |
|
7 |
|a Case studies
|2 fast
|0 (OCoLC)fst01423765
|
| 700 |
1 |
|
|a McKeganey, Neil P.
|
| 776 |
0 |
8 |
|i Online version:
|a Hunter, David J.
|t Care of the elderly.
|d Aberdeen : Aberdeen University Press, 1988
|w (OCoLC)578845088
|
| 938 |
|
|
|a Baker & Taylor
|b BKTY
|c 26.00
|d 26.00
|i 0080364160
|n 0001430659
|s active
|
| 999 |
|
|
|a MARS
|
| 999 |
f |
f |
|s db3ee8dc-dffb-30dd-8b87-2347a5de1e95
|i 33142111-2203-3746-bce1-6bbc63e81f9f
|t 0
|
| 952 |
f |
f |
|p ric
|a Texas A&M University
|b Rellis Campus
|c Joint Library Facility
|s JLF
|d Remote Storage
|t 0
|e HV1481.G54 S3 1988
|h Library of Congress classification
|i unmediated -- volume
|m A14811075811
|